Podvojné účtovníctvo pre súkromných podnikateľov. 1.

Zásady podvojného účtovníctva vzťahujúce sa na súkromných podnikateľov v oblasti poľnohospodárstva v zmysle ­ 13 ods. 1 zákona č. 105/1990 Zb. Používané účtovné knihy. Účtovanie základných prostriedkov, ich odpisy a vyradenie. Účtovanie zásob, tvorba nedokončenej výroby.

Gespeichert in:
Bibliographische Detailangaben
1. Verfasser: Bača, J.
Format: Buchkapitel
Sprache:Slowakisch
Schlagworte:
Tags: Tag hinzufügen
Keine Tags, Fügen Sie das erste Tag hinzu!

MARC

LEADER 00000naa a2200000 4500
001 r004294
005 20221125075851.4
041 0 |a slo 
044 |a [CS] 
245 1 0 |a Podvojné účtovníctvo pre súkromných podnikateľov. 1.  |c J. Bača 
520 |a Zásady podvojného účtovníctva vzťahujúce sa na súkromných podnikateľov v oblasti poľnohospodárstva v zmysle ­ 13 ods. 1 zákona č. 105/1990 Zb. Používané účtovné knihy. Účtovanie základných prostriedkov, ich odpisy a vyradenie. Účtovanie zásob, tvorba nedokončenej výroby. 
610 2 0 |a účtovníctvo podvojné 
610 2 0 |a podnikanie súkromné 
610 2 0 |a poľnohospodárstvo 
610 2 0 |a predpisy právne 
100 1 |a Bača, J.